01318nam a2200337 i 4500001001000000003000900010005001700019007000300036008004100039020001800080040003000098041000800128082002400136100006200160245004500222260002000267264006700287300002800354336002800382337003500410338003000445500007300475590002600548650002800574650003100602910003800633942001400671952013600685952014200821999001700963000020304DO-SdBNP20251210083336.0ta100802s2015 dr r 000 p spa d a9789945588613 aDO-SdBNPbspacBNPHUerda aspa 4aRD861.44bM358n2221 aMarrero de Munné, Melba,d1911-1962eautor9429454aut.10aNovia del Alba /cMelba Marrero Munné. aSanto Domingo : aSanto Domingo, República Dominicana : bRumbo Norte,c2015. a172 páginas ;c23 cm. atextobtxt2rdacontent  asin mediaciónbn2rdacontent avolumen bnc2rdacarrier aIncluye datos biográficos de la autora en la solapa de la cubierta aInventariado, 2019/BT 0aPoesía dominicana966 0aLiteratura dominicana.967 aValidado. Control de calidad. MFF 2ddccLBS1 00102ddc51708PDaBNPHUbBNPHUcHDd2011-04-29l0oBNPHU PD RD861.44 M358np20304-10r2020-06-25w2020-06-25yLBS1ZNo se presta 00102ddc51708PDaBNPHUbBNPHUcHDd2011-04-29l0oBNPHU PD RD861.44 M358np20304-20r2020-06-25te. 2w2020-06-25yLBS1ZNo se presta c19808d19808